000 02474cam a2200613 i 4500
001 xx004702195
003 NUKAT
005 20260331110507.0
008 190918s2019 pl a |000 0 pol c
020 _a9788395109218
_q(oprawa twarda)
035 _a(OCoLC)1121447794
035 _a(NUKAT)xx004702195
040 _aOLSZT 003/JG
_bpol
_erda
_cOLSZT 003/JGs
_dOLSZT 003/ISO
_dOLSZT 008/bak
045 2 _bd1927
_bd2019
046 _k2019
100 1 _aPiotrowska, Helena.
_eAutor
_eWydawca
_939220
245 1 0 _aZostał tylko żuraw :
_bJan Franciszek Rutkowski strażnik pamięci Wołynia /
_cHelena Piotrowska.
260 _aOlsztyn :
_bHelena Piotrowska,
_c2019.
300 _a208 stron :
_bilustracje ;
_c30 cm.
336 _aTekst
_btxt
_2rdacontent
337 _aBez urządzenia pośredniczącego
_bn
_2rdamedia
338 _aWolumin
_bnc
_2rdacarrier
380 _aKsiążki
380 _aLiteratura faktu, eseje, publicystyka
388 1 _a2001-
600 3 7 _aRutkowscy
_c(rodzina)
_2DBN
_939221
600 1 7 _aRutkowski, Jan Franciszek
_d(1927- )
_2DBN
_939222
600 1 7 _aRutkowski, Jan Franciszek
_d(1927-2022).
_2kaba
_939303
610 2 7 _aTowarzystwo Miłośników Wołynia i Polesia (Olsztyn)
_2DBN
_939223
610 2 7 _aUkraińska Powstańcza Armia (UPA)
_2DBN
_939224
648 7 _a1901-2000
_2DBN
_934996
648 7 _a2001-
_2DBN
_936393
650 7 _aDziałacze sportowi
_2DBN
_939225
650 7 _aNauczyciele wychowania fizycznego
_2DBN
_939226
650 7 _aOkupacja niemiecka Polski (1939-1945)
_2DBN
_936756
650 7 _aOkupacja sowiecka Polski (1939-1941)
_2DBN
_937220
650 7 _aTrenerzy i instruktorzy sportowi
_2DBN
_939227
650 7 _aUpamiętnianie
_2DBN
_935173
650 7 _aZbrodnia wołyńska (1943-1944)
_2DBN
_937222
651 7 _aDowhe (Ukraina, obw. rówieński, rej. rówieński)
_2DBN
_939228
651 7 _aKresy wschodnie Rzeczypospolitej
_2DBN
_936023
651 7 _aOlsztyn (woj. warmińsko-mazurskie)
_2DBN
_935996
651 7 _aPolska
_2DBN
_935076
651 7 _aSarny (Ukraina, obw. rówieński, rej. sarneński)
_2DBN
_939229
651 7 _aUkraina
_2DBN
_937199
651 7 _aWołyń (Ukraina ; kraina historyczna)
_2DBN
_939230
651 7 _aWołyń (Ukraina ; region)
_y1900-1945
_vrelacje osobiste.
_2kaba
655 7 _aBiografia
_2DBN
_935059
658 _aHistoria
920 _a978-83-951092-1-8 (oprawa twarda)
942 _2ddc
_cBK_NM
999 _c27348
_d27348